Online
Catalog

Ayuryogam : (Record no. 43229)

MARC details
000 -CABECERA
campo de control de longitud fija 01130nas a2200313 a 4500
001 - NÚMERO DE CONTROL
campo de control 000043740
003 - IDENTIFICADOR DEL NÚMERO DE CONTROL
campo de control DLC
005 - FECHA Y HORA DE LA ÚLTIMA TRANSACCIÓN
campo de control 20251017124518.0
008 - DATOS DE LONGITUD FIJA--INFORMACIÓN GENERAL
campo de control de longitud fija 140409c20139999dr mr1pdd 0 z0spa d
022 ## - NÚMERO INTERNACIONAL NORMALIZADO PARA PUBLICACIONES SERIADAS
Número Internacional Normalizado para Publicaciones Seriadas 2309-7825
040 ## - FUENTE DE LA CATALOGACIÓN
Centro catalogador/agencia de origen DO-SdBNP
Lengua de catalogación spa
Centro/agencia transcriptor BNPHU
Normas de descripción rda
043 ## - CÓDIGO DE ÁREA GEOGRÁFICA
Código de área geográfica nwdr
222 #0 - TÍTULO CLAVE
Título clave Ayuryogam
Información calificativa periódico de salud
245 00 - MENCIÓN DE TÍTULO
Título Ayuryogam :
Resto del título periódico de salud /
Mención de responsabilidad, etc. Instituto Indio de Ciencias Yoguística.
246 24 - FORMA VARIANTE DE TÍTULO
Título propio/Titulo breve Boletín de noticias Ayuryogam
260 ## - PUBLICACIÓN, DISTRIBUCIÓN, ETC.
Lugar de publicación, distribución, etc. Santo Domingo :
Nombre del editor, distribuidor, etc. Instituto Indio de Ciencias Yoguística,
Fecha de publicación, distribución, etc. 2013-.
300 ## - DESCRIPCIÓN FÍSICA
Extensión v. :
Otras características físicas il. ;
Dimensiones 29 cm.
310 ## - PERIODICIDAD ACTUAL
Periodicidad actual Mensual
362 1# - FECHAS DE PUBLICACIÓN Y/O DESIGNACIÓN SECUENCIAL
Fecha de publicación y/o designación secuencial Inicia con: Edición no.1 (Septiembre, 2013-)
500 ## - NOTA GENERAL
Nota general Catalogación basada en: Edición no.1 (Septiembre, 2013-)
500 ## - NOTA GENERAL
Nota general Título tomado de la cubierta
500 ## - NOTA GENERAL
Nota general Subtítulo varía
500 ## - NOTA GENERAL
Nota general Editor: 2013, Swami Rajarishishiva
650 #4 - PUNTO DE ACCESO ADICIONAL DE MATERIA--TÉRMINO DE MATERIA
Término de materia o nombre geográfico como elemento de entrada Medicina alternativa
Subdivisión geográfica República Dominicana
Subdivisión de forma PUBLICACIONES PERIÓDICAS
9 (RLIN) 71567
650 #4 - PUNTO DE ACCESO ADICIONAL DE MATERIA--TÉRMINO DE MATERIA
Término de materia o nombre geográfico como elemento de entrada Yogoterapia
Subdivisión de forma PUBLICACIONES PERIÓDICAS
9 (RLIN) 71568
650 #0 - PUNTO DE ACCESO ADICIONAL DE MATERIA--TÉRMINO DE MATERIA
Término de materia o nombre geográfico como elemento de entrada Salud mental
9 (RLIN) 803
700 1# - PUNTO DE ACCESO ADICIONAL--NOMBRE DE PERSONA
Nombre de persona Rajarishishiva, Swami,
Término indicativo de función/relación ed.
9 (RLIN) 71569
942 ## - ELEMENTOS DE PUNTO DE ACCESO ADICIONAL (KOHA)
Fuente del sistema de clasificación o colocación Dewey Decimal Classification
Tipo de ítem Koha Publicación periódica

No items available.

Powered by Koha